00230nam a2200085Ia 4500008004100000082001800041100002400059245003900083300002200122230907s9999||||xx |||||||||||||| ||und|| a658.4012bJOH aJohnston, Robert E. 4aThe power of strategy innovation : axxiv, 308 pages :